000 00267nam a22001217a 4500
020 _a9789698893064
082 _a796.358
100 _aKhan,Shahzad Ali
245 _aCricket milestones
260 _aKarachi
_bJumbo Publishing
_c2009
300 _a100
942 _cBK
999 _c2498
_d2498